|
|
|
|
| LEADER |
00720nab a2200181 i 4500 |
| 001 |
acta28741 |
| 005 |
20210222085449.0 |
| 008 |
161017s2005 hu o 0|| hun d |
| 022 |
|
|
|a 1219-0608
|
| 040 |
|
|
|a SZTE Egyetemi Kiadványok Repozitórium
|b hun
|
| 041 |
|
|
|a hun
|
| 100 |
1 |
|
|a Dombi Alice
|
| 245 |
1 |
0 |
|a Jeles és tiszteletre méltó-e a tanítói hivatás?
|h [elektronikus dokumentum] :
|b a tanítóval kapcsolatos elvárások a XIX. század első felében Magyarországon /
|c Dombi Alice
|
| 260 |
|
|
|c 2005
|
| 300 |
|
|
|a 221-224
|
| 490 |
0 |
|
|a Módszertani közlemények
|v 45 No. 5
|
| 695 |
|
|
|a Magyarország, Neveléstudomány
|
| 856 |
4 |
0 |
|u http://acta.bibl.u-szeged.hu/28741/1/modszertani_045_005_221-224.pdf
|z Dokumentum-elérés
|